Famous People from Texas by Picture - Statistics

General Stats
  • This quiz has been taken 33,320 times
    14,902 since last reset
  • The average score is 11 of 20
Answer Stats
Picture Hint Answer % Correct
Midland George W. Bush
94%
Houston Beyoncé Knowles
86%
Grand Prairie Selena Gomez
80%
Johnson City Lyndon B. Johnson
76%
Terrell Jamie Foxx
72%
Abbott Willie Nelson
67%
Uvalde Matthew McConaughey
66%
Houston Patrick Swayze
59%
Midland Tommy Lee Jones
53%
Lubbock Buddy Holly
52%
Burleson Kelly Clarkson
51%
Dallas Demi Lovato
50%
Houston George Foreman
47%
Corpus Christi Farrah Fawcett
44%
Houston Kenny Rogers
44%
Houston Jim Parsons
43%
Mexia Anna Nicole Smith
30%
Texarkana H. Ross Perot
30%
Alvin Nolan Ryan
26%
Mission Tom Landry
21%
No matching quizzes found
Score Distribution
Percent of People with Each Score
Percentile by Number Answered
Your Score History
You have not taken this quiz since the last reset